000 00420nam a2200181Ia 4500
100 _aSaurabh Kumar D
650 _aCloud computing
250 _a3
942 _cBK
366 _f27
654 _acloud computing
245 _aCloud computing:Unleashing next gen Infrastructure to applications
260 _bWiley
_c2014
082 _a4.65
_bSAU
300 _a220
546 _aENGLISH
_celectronics
999 _c19024
_d19024